Central Library OPAC University of Rajshahi

বঙ্গবন্ধু ও স্বাধীনতার ৪০ বছর / (Record no. 76310)

MARC details
000 -LEADER
fixed length control field 00992nam a22002537a 4500
001 - CONTROL NUMBER
control field 76310
003 - CONTROL NUMBER IDENTIFIER
rucl marc code BD-RjUL
005 - DATE AND TIME OF LATEST TRANSACTION
control field 20220130114713.0
008 - FIXED-LENGTH DATA ELEMENTS--GENERAL INFORMATION
fixed length control field 191121s2019 bg ||||| |||| 00| 0 ben d
020 ## - INTERNATIONAL STANDARD BOOK NUMBER
International Standard Book Number 9847012002605
035 ## - SYSTEM CONTROL NUMBER
System control number (BD-RjUL)76310
040 ## - CATALOGING SOURCE
Original cataloging agency BD-RjUL
Language of cataloging eng
Transcribing agency BD-RjUL
041 ## - LANGUAGE CODE
Language code of text/sound track or separate title ben
082 ## - DEWEY DECIMAL CLASSIFICATION NUMBER
Edition number 23
Classification number 954.9205092
Author mark and year BAN 2019
245 00 - TITLE STATEMENT
Title বঙ্গবন্ধু ও স্বাধীনতার ৪০ বছর /
Statement of responsibility, etc. সম্পাদনা আহমেদ ফিরোজ
260 ## - PUBLICATION, DISTRIBUTION, ETC. (IMPRINT)
Place of publication, distribution, etc. ঢাকা :
Name of publisher, distributor, etc. কথাপ্রকাশ,
Date of publication, distribution, etc. ২০১৯
300 ## - PHYSICAL DESCRIPTION
Pagination ২০৬ পৃ.;
Size ২৩ সেমি.
600 ## - SUBJECT ADDED ENTRY--PERSONAL NAME
Personal name মুজিবুর রহমান, শেখ,
Dates associated with a name ১৯২০-১৯৭৫
General subdivision জীবনী
Personal name Mujibur Rahman, Sheikh,
Dates associated with a name 1920-1975
General subdivision Biography
651 ## - SUBJECT ADDED ENTRY--GEOGRAPHIC NAME
Geographic name বাংলাদেশ
General subdivision ইতিহাস
9 (RLIN) 968
Geographic name Bangladesh
General subdivision History
700 ## - ADDED ENTRY--PERSONAL NAME
Personal name ফিরোজ, আহমেদ
942 ## - ADDED ENTRY ELEMENTS (KOHA)
Source of classification or shelving scheme Dewey Decimal Classification
Koha item type Books
Holdings
Lost status Source of classification or shelving scheme Damaged status Not for loan Collection code Permanent Location Current Location Shelving location Date acquired Source of acquisition Cost, normal purchase price Total Checkouts Full call number Date last seen Copy number Koha item type
  Dewey Decimal Classification   Not For Loan Non-fiction Central Library, University of Rajshahi Central Library, University of Rajshahi Reading Room 24/09/2019 Biddasagar, Rajshahi 250.00   B 954.9205092 BAN 2019 21/11/2019 C-1 Books
  Dewey Decimal Classification     Non-fiction Central Library, University of Rajshahi Central Library, University of Rajshahi General Stacks 10/11/2021 Rajshahi, News Home 187.50   B 954.9205092 BAN 2020 30/01/2022 C-2 Books
  Dewey Decimal Classification     Non-fiction Central Library, University of Rajshahi Central Library, University of Rajshahi General Stacks 10/11/2021 Rajshahi, News Home 187.50   B 954.9205092 BAN 2020 30/01/2022 C-3 Books